Szegedi elnökségi tag
Elmentve itt :
| Dokumentumtípus: | Cikk |
|---|---|
| Megjelent: |
1992-01-22
|
| Sorozat: | Délmagyarország
82 No. 18 |
| Kulcsszavak: | Szabó Tibor |
| Online Access: | http://dmarchiv.bibl.u-szeged.hu/82001 |
| LEADER | 00390nab a2200145 i 4500 | ||
|---|---|---|---|
| 001 | delm82001 | ||
| 005 | 20191007134919.0 | ||
| 008 | 191007s1992 hu o 0|| hun d | ||
| 040 | |a SZTE Délmagyarország Archívum |b hun | ||
| 041 | |a hun | ||
| 245 | 0 | 0 | |a Szegedi elnökségi tag |h [elektronikus dokumentum] |
| 260 | |c 1992-01-22 | ||
| 300 | |a 3 | ||
| 490 | 0 | |a Délmagyarország |v 82 No. 18 | |
| 695 | |a Szabó Tibor | ||